| 000 | 00450nam a22001817a 4500 | ||
|---|---|---|---|
| 003 | CEME | ||
| 005 | 20210628203704.0 | ||
| 008 | 210318b xxu||||| |||| 00| 0 eng d | ||
| 020 | _a0-340-57014-8 | ||
| 040 | _c. | ||
| 082 | _a005.362 BRA'C | ||
| 100 |
_aBramer, Brian , Bramer, Susan _966852 |
||
| 245 | _aC for engineers | ||
| 260 |
_aLONDON _bEDWARD ARNOLD _c1993 |
||
| 300 | _aX,374 P | ||
| 650 |
_aC FOR ENGINEERS _966853 |
||
| 942 |
_cBK _2ddc |
||
| 999 |
_c574735 _d574735 |
||